PHARMACOLY (Record no. 44711)
[ view plain ]
| 000 -LEADER | |
|---|---|
| fixed length control field | nam a22 7a 4500 |
| 003 - CONTROL NUMBER IDENTIFIER | |
| control field | OSt |
| 005 - DATE AND TIME OF LATEST TRANSACTION | |
| control field | 20190211152233.0 |
| 008 - FIXED-LENGTH DATA ELEMENTS--GENERAL INFORMATION | |
| fixed length control field | 190211b xxu||||| |||| 00| 0 eng d |
| 040 ## - CATALOGING SOURCE | |
| Transcribing agency | IIMT COLLEGE OF PHARMACY |
| 100 ## - MAIN ENTRY--PERSONAL NAME | |
| Personal name | K.D TRIPATHI |
| 245 ## - TITLE STATEMENT | |
| Title | PHARMACOLY |
| 260 ## - PUBLICATION, DISTRIBUTION, ETC. | |
| Place of publication, distribution, etc. | NEW DELHI |
| Name of publisher, distributor, etc. | JAYPEE |
| Date of publication, distribution, etc. | 2019 |
| 300 ## - PHYSICAL DESCRIPTION | |
| Extent | 1064 |
| 942 ## - ADDED ENTRY ELEMENTS (KOHA) | |
| Source of classification or shelving scheme | |
| Koha item type | Book Bank |
| Withdrawn status | Lost status | Source of classification or shelving scheme | Damaged status | Not for loan | Home library | Current library | Date acquired | Source of acquisition | Cost, normal purchase price | Total Checkouts | Barcode | Checked out | Date last seen | Date last checked out | Price effective from | Koha item type |
|---|---|---|---|---|---|---|---|---|---|---|---|---|---|---|---|---|
| NOIDA College IIMT College of Pharmacy | NOIDA College IIMT College of Pharmacy | 02/11/2019 | BANSAL | 1295.00 | 1 | 12-B-5949 | 06/20/2019 | 02/12/2019 | 02/12/2019 | 02/11/2019 | Book Bank | |||||
| NOIDA College IIMT College of Pharmacy | NOIDA College IIMT College of Pharmacy | 02/11/2019 | BANSAL | 1295.00 | 8 | 12-B-5950 | 07/11/2024 | 05/13/2024 | 02/11/2019 | Book Bank |

